000 00606nam a2200217Ia 4500
003 OSt
005 20220926042333.0
006 a|||||r|||| 00| 0
007 ta
008 220923b |||||||| |||| 00| 0 eng d
037 _cGeneral Book
040 _aRTL
_cRTL
_beng
041 _2eng
_aeng
082 _aV3:594wM61, F8
100 _aSherson Erroll
_9346104
245 0 _aTownshend of Chitral and Kut
_b Based on the diaries
260 _c1928
650 _aConstitution Great Britain
_9231188
942 _hV3:594wM61, F8
_cGB
_2CC
999 _c669447
_d669447